الشفا بتعريف حقوق المصطفى

Bibliographic Details
Main Authors: عياض بن موسى (Author), بجاوى، على محمد (Author)
Format: Book
Published: Bayrut : Dar al-Kitab al-`Arabi , [19--]
Subjects:

MARC

LEADER 00000cam a2200000 7i4500
001 0000005643
005 20220714093000.0
008 021119n
090 0 0 |a BP75.2   |b .Y3 
100 0 |a عياض بن موسى ,   |e author 
241 1 0 |a Shifa bi-ta`rif huquq al-Mustafa 
245 1 2 |a الشفا بتعريف حقوق المصطفى   |c للقاضى عياض ابى الفضل عياض بن موسى بن عياض اليحصبى 476- 544 ; تحقيق علي محمد البجاوي 
260 2 |a Bayrut :   |b Dar al-Kitab al-`Arabi ,   |c [19--] 
300 |a 2 v. ;   |c 25 cm. 
600 0 0 |a Muhammad ,   |c Prophet ,   |d - 632 
630 0 0 |a Qur'an   |x Hermeneutics   |v Early works to 1800 
650 0 |a Religious life   |x Islam   |v Early works to 1800 
700 1 |a بجاوى، على محمد ,   |e author 
999 |a 1000015890   |b Book   |c OPEN SHELF (30 DAYS)   |e Gong Badak Campus 
999 |a 1000015891   |b Book   |c OPEN SHELF (30 DAYS)   |e Gong Badak Campus 
999 |a 1000015892   |b Book   |c OPEN SHELF (30 DAYS)   |e Gong Badak Campus 
999 |a 1000015893   |b Book   |c OPEN SHELF (30 DAYS)   |e Gong Badak Campus 
999 |a 1000042838   |b Book   |c OPEN SHELF (30 DAYS)   |e Gong Badak Campus